000 00949pam a2200313 i 4500
999 _c28580
_d28551
001 017001263
003 EG-ScBUE
005 20200824100229.0
008 141118s2007 enka f 001 0 eng d
020 _a9781844807031 (pbk.)
020 _a1844807037
040 _aStDuBDS
_beng
_erda
_cStDuBDS
_dUk
_dEG-ScBUE
082 0 4 _a657.42
_bDRU
_222
100 1 _aDrury, Colin,
_eauthor.
_910737
245 1 0 _aManagement and cost accounting /
_cColin Drury.
250 _aSixth edition.
250 _aValue media edition.
264 1 _aLondon :
_bThomson Learning,
_c2007.
300 _axxxii, 1280 pages :
_billustrations ;
_c26 cm
336 _atext
_2rdacontent
_btxt
337 _aunmediated
_2rdamedia
_bn
338 _avolume
_2rdacarrier
_bnc
500 _aIncludes index.
650 7 _aCost accounting.
_2BUEsh
650 7 _aManagerial accounting.
_2BUEsh
653 _bBUSADM
_cJuly2020
655 _vReading book
_934232
942 _2ddc
_cBB